[Event "Traffic op"]
[Site "Buenos Aires"]
[Date "1992.??.??"]
[Round "5"]
[White "Langier, Daniel"]
[Black "Gomez, Felix"]
[Result "1-0"]
[WhiteElo "2300"]
[BlackElo "2350"]

1.d4 Nf6 2.c4 g6 3.Nc3 Bg7 4.e4 d6 5.Nf3 O-O 6.Be2 e5 7.Be3 Ng4 8.Bg5 f6
9.Bh4 Nc6 10.d5 Ne7 11.Nd2 Nh6 12.O-O a6 13.b4 Nf7 14.c5 h5 15.f3 Bd7 16.Nc4 Nc8
17.Qb3 Bh6 18.a4 Bg5 19.Bf2 f5 20.Rfd1 Bh4 21.Bxh4 Qxh4 22.Rac1 f4 23.c6 bxc6
24.Na5 c5 25.bxc5 Ne7 26.Qb7 g5 27.Qxc7 Rad8 28.c6 g4 29.cxd7 g3 30.h3 Ng5
31.Bf1  1-0

[Event "Buenos Aires Najdorf qual"]
[Site "Buenos Aires"]
[Date "1992.??.??"]
[Round "8"]
[White "Rodriguez, Jorge Luis"]
[Black "Anelli, Antonio"]
[Result "1-0"]
[WhiteElo "2300"]
[BlackElo "2300"]

1.d4 Nf6 2.c4 g6 3.Nc3 Bg7 4.e4 d6 5.Be2 O-O 6.Nf3 e5 7.O-O Nbd7 8.Be3 exd4
9.Nxd4 c6 10.Qd2 Nc5 11.f3 a5 12.Rad1 Nfd7 13.Rfe1 Re8 14.Bf1 Qc7 15.Nde2 Bf8
16.b3 Ne5 17.Nd4 Ne6 18.Na4 Nc5 19.Nc3 Ne6 20.Qf2 Nxd4 21.Bxd4 f5 22.Qg3 Bg7
23.Kh1 Be6 24.exf5 Bxf5 25.Ne4 Bxe4 26.Rxe4 Re7 27.Rde1 c5 28.Be3 Rf7 29.Bd2 b6
30.f4 Nc6 31.Bd3 Raf8 32.Re8 Qd7 33.Rxf8+ Kxf8 34.Be4 Nd4 35.Bd5 Re7 36.Qh4 Rxe1+
37.Qxe1 Qe7 38.Qxe7+ Kxe7 39.Bg8 h6 40.Bd5 Nc2 41.Be4 Nb4 42.a3 Na6 43.Bxg6 Bb2
44.a4 Bg7 45.Be4 Nc7 46.g4 Ne6 47.Kg2 Nd4 48.Bc3 Kf8 49.Bxd4 cxd4 50.h4 Bf6
51.g5 hxg5 52.hxg5 Bg7 53.Kf3 Ke7 54.Bd5 Kf8 55.Ke4 Ke7 56.f5 Be5 57.f6+ Kd7
58.Kf5  1-0

[Event "Buenos Aires Najdorf qual"]
[Site "Buenos Aires"]
[Date "1992.??.??"]
[Round "9"]
[White "Bielicki, Carlos"]
[Black "Mellano, Santiago"]
[Result "1/2-1/2"]
[WhiteElo "2330"]
[BlackElo "2220"]

1.d4 Nf6 2.Nf3 g6 3.c4 Bg7 4.Nc3 d6 5.e4 O-O 6.Be2 e5 7.d5 a5 8.Be3 Ng4 9.Bg5 f6
10.Bh4 Na6 11.Nd2 h5 12.h3 Nh6 13.g4 hxg4 14.hxg4 Nf7 15.f3 Bh6 16.Bf2 Kg7  1/2-1/2

[Event "BUL-ch"]
[Site "BUL"]
[Date "1992.??.??"]
[Round "12"]
[White "Topalov, Veselin"]
[Black "Georgiev, Krum"]
[Result "1/2-1/2"]
[WhiteElo "2460"]
[BlackElo "2505"]

1.d4 g6 2.c4 Bg7 3.Nc3 Nf6 4.e4 d6 5.Nf3 O-O 6.Be2 e5 7.dxe5 dxe5 8.Qxd8 Rxd8
9.Bg5 Re8 10.Nd5 Nxd5 11.cxd5 c6 12.Bc4 cxd5 13.Bxd5 Na6 14.O-O-O Nc7  1/2-1/2

[Event "Caciulata"]
[Site "Calimanesti"]
[Date "1992.??.??"]
[Round "?"]
[White "Luce, Sebastien"]
[Black "Marin, Mihail"]
[Result "0-1"]
[WhiteElo "2400"]
[BlackElo "2525"]

1.d4 Nf6 2.Nf3 g6 3.c4 Bg7 4.Nc3 O-O 5.e4 d6 6.Be2 e5 7.dxe5 dxe5 8.Qxd8 Rxd8
9.Bg5 Nbd7 10.Rd1 Rf8 11.Nd2 c6 12.Be3 Re8 13.c5 Bf8 14.Nb3 a5 15.a4 Nb8
16.Bc4 Na6 17.f3 Nd7 18.Bxa6 Rxa6 19.Kf2 f5 20.exf5 gxf5 21.Rhe1 Kf7 22.f4 e4
23.g4 Nf6 24.gxf5 Bxf5 25.Bd4 e3+ 26.Bxe3 Bc2  0-1

[Event "Candas op"]
[Site "Candas"]
[Date "1992.??.??"]
[Round "2"]
[White "Acebal, Antonio"]
[Black "Gallagher, Joseph G"]
[Result "0-1"]
[WhiteElo "2295"]
[BlackElo "2510"]

1.Nf3 Nf6 2.c4 g6 3.Nc3 Bg7 4.e4 d6 5.d4 O-O 6.Be2 e5 7.dxe5 dxe5 8.Qxd8 Rxd8
9.Bg5 Re8 10.Nd5 Nxd5 11.cxd5 c6 12.Bc4 cxd5 13.Bxd5 Nd7 14.Nd2 Nc5 15.Nc4 Bf8
16.O-O Be6 17.Bxe6 Rxe6 18.f3 b5 19.Ne3 h6 20.Bh4 Nd3 21.Nd5 Rc8 22.b3 Rc2
23.Rfd1 Nb4 24.Nxb4 Bxb4 25.Bf2 a6 26.a3 Bd2 27.Bc5 a5 28.Kf1 Rc6 29.b4 a4
30.Rab1 Kg7 31.Ra1 f5 32.Kg1 Kf6 33.Rf1 Ke6 34.Rf2 R6xc5 35.exf5+ gxf5 36.Rxd2 Rxd2
37.bxc5 Rc2  0-1

[Event "Candas op"]
[Site "Candas"]
[Date "1992.??.??"]
[Round "4"]
[White "Acebal, Antonio"]
[Black "San Segundo, Pablo"]
[Result "1-0"]
[WhiteElo "2295"]
[BlackElo "2415"]

1.Nf3 Nf6 2.c4 g6 3.Nc3 Bg7 4.e4 d6 5.d4 O-O 6.Be2 e5 7.dxe5 dxe5 8.Qxd8 Rxd8
9.Bg5 c6 10.Nxe5 Re8 11.f4 h6 12.Bh4 Na6 13.Bf2 g5 14.g3 Nh7 15.O-O-O Bxe5
16.fxe5 Be6 17.b3 Nf8 18.h4 g4 19.h5 Nd7 20.Be3 Kh7 21.Bf4 Nac5 22.Rd4 a5
23.Rh4 Rg8 24.Nd1 a4 25.b4 Na6 26.c5 b6 27.cxb6 Nxb6 28.Ne3 Rgc8 29.Bxg4 c5
30.Rd6 cxb4+ 31.Kb1 Rc3 32.Bxe6 fxe6 33.Rxb6 Rac8  1-0

[Event "Candas op"]
[Site "Candas"]
[Date "1992.??.??"]
[Round "6"]
[White "Acebal, Antonio"]
[Black "Strikovic, Aleksa"]
[Result "0-1"]
[WhiteElo "2295"]
[BlackElo "2480"]

1.Nf3 g6 2.c4 Bg7 3.Nc3 d6 4.d4 Nd7 5.e4 e5 6.Be2 Ngf6 7.O-O O-O 8.Be3 Ng4
9.Bg5 f6 10.Bc1 Nh6 11.Re1 a5 12.Be3 Ng4 13.Bc1 c6 14.Qc2 Qe7 15.h3 Nh6 16.Be3 f5
17.Bg5 Qe8 18.Rad1 f4 19.Bxh6 Bxh6 20.d5 Rf6 21.Nh2 Bf8 22.Bg4 h5 23.Be6+ Rxe6
24.dxe6 Qxe6 25.Na4 Be7 26.Qe2 b6 27.b3 Rb8 28.Rd2 Ba6 29.Nc3 Nc5 30.Red1 Rd8
31.Qf3 Bc8 32.Qe2 Kg7 33.Rb1 Ba6 34.Qd1 Kh6 35.a3 Nd7 36.Qe2 g5 37.f3 Rb8
38.Qd1 Nf6 39.Kf2 Rg8 40.Na4 g4 41.hxg4 hxg4 42.Nxg4+ Rxg4 43.Qh1+ Kg7 44.Qh3 b5
45.cxb5 cxb5 46.Nc3 Qc8 47.fxg4 Qc5+ 48.Ke1 Qg1+ 49.Ke2 b4+ 50.Rd3 Bxd3+
51.Kxd3 Qd4+ 52.Kc2 bxc3 53.Qxc3 Qxe4+ 54.Kc1 Qxg2 55.Qxa5 Nd5 56.Qd2 f3
57.Qxd5 Bg5+ 58.Kd1 Qe2+  0-1

[Event "Cannes op"]
[Site "Cannes"]
[Date "1992.??.??"]
[Round "?"]
[White "Legky, Nikolay A"]
[Black "Weill, Roland"]
[Result "1-0"]
[WhiteElo "2445"]
[BlackElo "2280"]

1.d4 g6 2.e4 Bg7 3.Nf3 d6 4.c4 Nd7 5.Nc3 e5 6.Be2 Ngf6 7.O-O O-O 8.Qc2 c6
9.Rd1 Re8 10.d5 Bf8 11.Rb1 Nc5 12.Be3 Ncxe4 13.Nxe4 Nxe4 14.Qxe4 Bf5 15.Qh4 Qxh4
16.Nxh4 Bxb1 17.Rxb1 cxd5 18.cxd5 Rec8 19.Nf3 Be7 20.Nd2 f5 21.f4 exf4 22.Bxf4 g5
23.Be3 f4 24.Bd4 Rc2 25.Bc3 Rc8 26.Rd1 R8xc3 27.bxc3 Rxa2 28.Kf1 a5 29.Ne4 a4
30.Rb1  1-0

[Event "Cannes op"]
[Site "Cannes"]
[Date "1992.??.??"]
[Round "?"]
[White "Bernard, Christophe"]
[Black "Weindl, Alfred"]
[Result "1-0"]
[WhiteElo "2270"]
[BlackElo "2365"]

1.d4 Nf6 2.Nf3 g6 3.c4 Bg7 4.Nc3 O-O 5.e4 d6 6.Be2 Nbd7 7.O-O e5 8.Re1 c6
9.Bf1 a5 10.Rb1 Re8 11.d5 cxd5 12.cxd5 Nc5 13.Nd2 Nh5 14.g3 Rb8 15.a4 Rf8
16.Nc4 f5 17.f3 Rf7 18.Bg2 f4 19.g4 Nf6 20.b3 Bf8 21.Ba3 b6 22.Rf1 Ne8 23.Rf2 h5
24.gxh5 g5 25.Rfb2 Nf6 26.b4 axb4 27.Rxb4 g4 28.Rxb6 Rxb6 29.Nxb6 gxf3 30.Bxf3 Rg7+
31.Kh1 Ng4 32.Bxc5 dxc5 33.Qd2 Qh4 34.Rf1 Ba6 35.Nb5 c4 36.d6 c3 37.Qa2+ Kh7
38.Nc4 Bc8 39.Nxc3 Be6 40.Nd5 Bxd5 41.exd5 Kh6 42.Qe2 e4 43.Bxg4  1-0

[Event "Cannes op"]
[Site "Cannes"]
[Date "1992.??.??"]
[Round "?"]
[White "Haik, Aldo"]
[Black "Gachon, Lionel"]
[Result "1-0"]
[WhiteElo "2375"]
[BlackElo "2270"]

1.d4 Nf6 2.c4 g6 3.Nc3 Bg7 4.e4 d6 5.Nf3 O-O 6.Be2 e5 7.dxe5 dxe5 8.Qxd8 Rxd8
9.Bg5 Re8 10.O-O-O Nc6 11.Nd5 Nxd5 12.cxd5 Nd4 13.Nxd4 exd4 14.Bd3 c5 15.dxc6 bxc6
16.Kb1 Rb8 17.Rd2 Rb6 18.Rc1 Be6 19.f3 Reb8 20.Bc4 Bf8 21.Bxe6 fxe6 22.Rc4 Ba3
23.b3 c5 24.Rd3 Rb4 25.Rxc5 Rxb3+ 26.Rxb3 Rxb3+ 27.axb3 Bxc5 28.Kc2 e5 29.f4 Bd6
30.fxe5 Bxe5 31.h3 Kf7 32.Kd3 Ke6 33.Bc1 Kd6 34.Kc4 Kc6 35.Bb2 d3 36.Bc1 a6
37.Kxd3 Kc5 38.Ba3+ Kb5 39.Be7 Bb2 40.Bd6 Kc6 41.Bb4 Bc1 42.Kd4 Bh6 43.Ke5 Kb5
44.Bd6  1-0

[Event "Cannes op"]
[Site "Cannes"]
[Date "1992.??.??"]
[Round "?"]
[White "Huzman, Alexander"]
[Black "Littlewood, John Eric"]
[Result "1-0"]
[WhiteElo "2505"]
[BlackElo "2330"]

1.Nf3 Nf6 2.c4 g6 3.Nc3 Bg7 4.e4 O-O 5.d4 d6 6.Be2 e5 7.O-O exd4 8.Nxd4 Re8
9.f3 c6 10.Kh1 a6 11.Nc2 b5 12.Bg5 b4 13.Nxb4 Qa5 14.Bxf6 Bxf6 15.a3 Qc5
16.Na4 Qe3 17.Qd3 Qxd3 18.Nxd3 Nd7 19.Rac1 a5 20.Rfd1 Ba6 21.Rc2 Rab8 22.Kg1 Bd4+
23.Nf2 c5 24.Nc3 f5 25.Kf1 Nb6 26.Nb5 Bxb5 27.cxb5 a4 28.exf5 gxf5 29.f4 Kg7
30.Bf3 Re3 31.Nd3 Kf6 32.Nc1 Ke7 33.Ne2 Bf6 34.Ng3 Ke6 35.Rxd6+ Kxd6 36.Nxf5+ Ke6
37.Nxe3 Bd4 38.Re2 Kf6 39.Bc6 h5 40.g3 Rd8 41.Ke1 Rd6 42.h3 Re6 43.Nd5+ Nxd5
44.Bxd5 Rd6 45.Bc4  1-0

[Event "Cannes Martinez op"]
[Site "Cannes"]
[Date "1992.??.??"]
[Round "?"]
[White "Cebalo, Miso"]
[Black "Fioramonti, Hung"]
[Result "1/2-1/2"]
[WhiteElo "2500"]
[BlackElo "2330"]

1.d4 d6 2.Nf3 Nf6 3.c4 g6 4.Nc3 Bg7 5.e4 O-O 6.Be2 e5 7.O-O Na6 8.Be3 Qe8
9.dxe5 dxe5 10.h3 Nd7 11.Rb1 Nac5 12.b4 Ne6 13.c5 c6 14.Qd6 Nf4 15.Bc4 Bf6
16.Rfd1 a5 17.a3 axb4 18.axb4 Ra3 19.Nb5 cxb5 20.Bxb5 Ra6 21.Bxa6 Be7 22.Qd2 bxa6
23.Bxf4 exf4 24.Qxf4 Nf6 25.e5 Nh5 26.Qc4 Ng7 27.c6 Ne6 28.b5 Bc5 29.Rbc1 axb5
30.Qxb5 Qe7 31.Qa5 Kg7 32.Rd5 Bb4 33.Qa2 Ng5 34.Qe2 Bxh3 35.c7 Bg4 36.Qe3 Nxf3+
37.gxf3 Be6 38.Rb5 Rc8 39.Rb8 Ba3 40.Rc3 Bb4 41.Rc6 Ba5 42.Rxc8 Bxc8 43.Qf4 Bxc7
44.Qf6+ Qxf6 45.exf6+ Kh6 46.Rxc7 Be6 47.f4 g5 48.f5 Bxf5 49.Rxf7 Kg6 50.Rf8 Be6
51.Kg2 Bf7 52.Kf3 Kxf6 53.Ke4 Ke6 54.Kd4 Bg6 55.Rf3 h5 56.Ra3 Kf5 57.Ke3 Bf7
58.Ra5+ Kf6 59.Ke4  1/2-1/2

[Event "Cannes op"]
[Site "Cannes"]
[Date "1992.??.??"]
[Round "?"]
[White "Pein, Malcolm"]
[Black "Salaun, Yann"]
[Result "1-0"]
[WhiteElo "2450"]
[BlackElo "2225"]

1.Nf3 Nf6 2.c4 g6 3.Nc3 Bg7 4.d4 O-O 5.e4 d6 6.Be2 e5 7.O-O Na6 8.Re1 exd4
9.Nxd4 Nc5 10.f3 c6 11.Be3 Qe7 12.Qd2 Re8 13.Bf1 a5 14.Rad1 Nfd7 15.Nc2 Be5
16.Bg5 f6 17.Be3 Nf8 18.Nd4 Nfe6 19.Nde2 Ng5 20.Nd4 Nge6 21.f4 Bxd4 22.Bxd4 Nxd4
23.Qxd4 Bg4 24.Rd2 Rad8 25.g3 Bf3 26.Bg2 Bxg2 27.Kxg2 f5 28.Rde2 fxe4 29.Nxe4 Nxe4
30.Rxe4 Qf7 31.Qb6 Rb8 32.Qxa5 Rxe4 33.Rxe4 b5 34.Qb4 c5 35.Qb3 Qb7 36.cxb5+ d5
37.Re5 c4 38.Qb4 Qxb5 39.Qxb5 Rxb5 40.Re2 d4 41.Kf3 c3 42.bxc3 dxc3 43.Ke3  1-0

[Event "Cannes op"]
[Site "Cannes"]
[Date "1992.??.??"]
[Round "?"]
[White "Alvarez Ibarra, D Rafael"]
[Black "Spraggett, Kevin"]
[Result "1/2-1/2"]
[WhiteElo "2360"]
[BlackElo "2545"]

1.d4 Nf6 2.Nf3 d6 3.c4 g6 4.Nc3 Bg7 5.e4 O-O 6.Be2 Na6 7.O-O e5 8.Re1 c6
9.dxe5 dxe5 10.Qxd8 Rxd8 11.Nxe5 Nxe4 12.Nxe4 Bxe5 13.Bg5 Rf8 14.Bf6 Bxf6
15.Nxf6+ Kg7 16.Ne4 Rd8 17.Rad1 Be6  1/2-1/2

[Event "Cannes op"]
[Site "Cannes"]
[Date "1992.??.??"]
[Round "?"]
[White "Letreguilly, Olivier"]
[Black "Libens, Michel"]
[Result "1-0"]
[WhiteElo "2295"]
[BlackElo "2250"]

1.d4 Nf6 2.c4 g6 3.Nc3 Bg7 4.e4 d6 5.Be2 O-O 6.Nf3 e5 7.d5 a5 8.Bg5 h6 9.Bh4 Na6
10.Nd2 Nc5 11.O-O Qe8 12.b3 Nh7 13.a3 Bf6 14.Bxf6 Nxf6 15.b4 axb4 16.axb4 Rxa1
17.Qxa1 Na6 18.Qa3 Qe7 19.Rc1 b6 20.Na2 Nb8 21.Qa7 Rd8 22.Bf1 Nbd7 23.Qxc7 Ne8
24.Qa7 Qg5 25.Rc2 f5 26.Qa3 Ndf6 27.Nc3 Nh5 28.Qa7 Nf4 29.Nf3 Qg4 30.Qe7 fxe4
31.Nxe5 Qg5 32.Qf7+ Kh8 33.Qxf4 dxe5 34.Qf8+ Kh7 35.Nxe4 Qh4 36.f3  1-0

[Event "Cappelle op"]
[Site "Cappelle la Grande"]
[Date "1992.??.??"]
[Round "2"]
[White "Naumkin, Igor"]
[Black "Bjerring, Kai"]
[Result "1/2-1/2"]
[WhiteElo "2460"]
[BlackElo "2305"]

1.d4 Nf6 2.c4 g6 3.Nc3 Bg7 4.e4 d6 5.Nf3 O-O 6.Be2 e5 7.d5 a5 8.Bg5 Na6 9.Nd2 Qe8
10.O-O h6 11.Be3 h5 12.f3 Nh7 13.Rb1 Bd7 14.Kh1 Nc5 15.b3 f5 16.a3 Nf6 17.b4 axb4
18.axb4 Na4 19.Nxa4 Bxa4 20.Qc1 Bd7 21.c5 Bb5 22.Bxb5 Qxb5 23.Bg5 Ne8 24.Kg1 Bf6
25.Be3 Be7 26.exf5 gxf5 27.f4 e4 28.Bd4 Qd3 29.Nb3 Ra2 30.Qd1 Qxd1 31.Rfxd1 Nf6
32.Bb2 Nd7 33.c6 bxc6 34.dxc6 Nb6 35.Nc1 Ra4 36.Bc3 Kf7 37.Ne2 Bf6 38.b5 Ra2
39.Bxf6 Kxf6 40.Nc3 Rc2 41.Rbc1 Rb2  1/2-1/2

[Event "Cappelle op"]
[Site "Cappelle la Grande"]
[Date "1992.??.??"]
[Round "7"]
[White "Timoshchenko, Gennadi A"]
[Black "Jaracz, Pawel"]
[Result "1-0"]
[WhiteElo "2510"]
[BlackElo "2245"]

1.d4 Nf6 2.c4 g6 3.Nc3 Bg7 4.e4 d6 5.Nf3 O-O 6.Be2 e5 7.Be3 h6 8.O-O Ng4
9.Bc1 Nc6 10.d5 Ne7 11.Nd2 f5 12.Bxg4 fxg4 13.b4 g5 14.c5 Ng6 15.Nc4 Nh4
16.Be3 Rf6 17.a4 Bf8 18.c6 b6 19.a5 Rb8 20.axb6 axb6 21.Ra7 Rf7 22.Nb5 Ng6
23.Qc2 h5 24.Rfa1 h4 25.Ra8 Rxa8 26.Rxa8 g3 27.hxg3 hxg3 28.fxg3 Qf6 29.Bf2 Bg4
30.Ne3 Bf3 31.Nf5 Rh7 32.gxf3 Qh8 33.Kf1 Rh1+ 34.Bg1 Qh3+ 35.Qg2  1-0

[Event "Cappelle op"]
[Site "Cappelle la Grande"]
[Date "1992.??.??"]
[Round "8"]
[White "Sokolovs, Andrei"]
[Black "Wall, Tim"]
[Result "1-0"]
[WhiteElo "2435"]
[BlackElo "2265"]

1.d4 Nf6 2.c4 g6 3.Nc3 Bg7 4.e4 d6 5.Nf3 O-O 6.Be2 Na6 7.O-O e5 8.Be3 Ng4
9.Bg5 Qe8 10.h3 h6 11.Bh4 Nf6 12.dxe5 dxe5 13.Nd5 Nxe4 14.Be7 c6 15.Bxf8 Qxf8
16.Ne3 f5 17.a3 Nac5 18.Re1 f4 19.Ng4 Bf5 20.Bf1 Re8 21.Nh4 Rd8 22.Qf3 Nd2
23.Qc3 e4 24.Qb4 Ndb3 25.Rad1 Bd4 26.Rxd4 Rxd4 27.Nxf5 gxf5 28.Nh2 Qg7 29.Qc3 Rd2
30.g4 fxg3 31.fxg3 Qxc3 32.bxc3 Kg7 33.Bg2 Nd3 34.Rb1 Na5 35.Rf1 Kg6 36.h4 e3
37.Nf3 Ra2 38.h5+ Kxh5 39.Nd4  1-0

[Event "Cappelle op"]
[Site "Cappelle la Grande"]
[Date "1992.??.??"]
[Round "9"]
[White "Priehoda, Vitezslav"]
[Black "Lipka, Juraj"]
[Result "1-0"]
[WhiteElo "2390"]
[BlackElo "2305"]

1.d4 Nf6 2.c4 g6 3.Nc3 Bg7 4.e4 d6 5.Be2 O-O 6.Nf3 e5 7.d5 a5 8.Bg5 h6 9.Bh4 Na6
10.Nd2 h5 11.Bg5 Qe8 12.O-O Nh7 13.Be3 h4 14.a3 Bd7 15.b3 f5 16.f3 Qe7 17.Kh1 f4
18.Bf2 Qg5 19.b4 Nf6 20.c5 Nh5 21.c6 Bc8 22.Re1 b6 23.Bf1 h3 24.gxh3 Kf7
25.Bg2 Rh8 26.Nf1 Bf6 27.Rb1 Ng7 28.b5 Bxh3 29.Bxh3 Rxh3 30.bxa6 Qh5 31.Nb5 Rxf3
32.Nxc7 Rh8 33.Bg1 Qh3 34.a7 Rf2 35.Bxf2 f3 36.Qxf3 Qxf3+ 37.Kg1 Bh4 38.Bxh4 Rxh4
39.Rb2 Rg4+ 40.Ng3 Rxg3+ 41.hxg3 Qxg3+ 42.Kf1 Nf5 43.exf5 Qf3+ 44.Rf2 Qh1+
45.Ke2 Qe4+ 46.Kd1 Qd3+ 47.Kc1 Qc3+ 48.Rc2 Qa1+ 49.Kd2 Qd4+ 50.Ke2 Qe4+ 51.Kd1 Qd3+
52.Kc1 Qxa3+ 53.Kd2 Qb4+ 54.Rc3 Qd4+ 55.Rd3 Qb4+ 56.Ke2 Qe4+ 57.Re3 Qc2+
58.Kf3 Qxf5+ 59.Kg2 Qg5+ 60.Kf2 Qh4+ 61.Rg3 Qd4+ 62.Ree3 Qd2+ 63.Re2 Qd4+
64.Kg2  1-0

[Event "Cebu"]
[Site "Cebu"]
[Date "1992.??.??"]
[Round "3"]
[White "Murshed, Niaz"]
[Black "Donguines, Fernie"]
[Result "1-0"]
[WhiteElo "2505"]
[BlackElo "2435"]

1.d4 Nf6 2.c4 g6 3.Nc3 Bg7 4.e4 d6 5.Nf3 O-O 6.Be2 e5 7.dxe5 dxe5 8.Qxd8 Rxd8
9.Bg5 Re8 10.Nd5 Nxd5 11.cxd5 c6 12.Bc4 cxd5 13.Bxd5 Nc6 14.O-O-O Nd4 15.Kb1 Ne6
16.Rc1 f5 17.Be3 Kh8 18.Ng5 Nxg5 19.Bxg5 fxe4 20.Rc7 e3 21.Bxe3 Bf5+ 22.Ka1 Rad8
23.Bxb7 a5 24.Rhc1 e4 25.Bc6 Rf8 26.Bb5 Rd5 27.a4 Rfd8 28.h3 h5 29.Re7 Bf6
30.Re8+ Rxe8 31.Bxe8 Rd3 32.Bb5 Rb3 33.Rc2 Bg7 34.Kb1 Be5 35.Kc1 Bg7 36.Rd2 Kh7
37.Bc4 Rb7 38.b3 Bc3 39.Rd6 Be5 40.Rd5 Bc7 41.Rb5 Rxb5 42.axb5 Kg7 43.b6 Bb8
44.Bg5 Kf8 45.Kd2 Ke8 46.Bb5+ Bd7 47.Bxd7+ Kxd7 48.Ke3 Kc6 49.Bd8 Be5 50.Kxe4 Bc3
51.g4 hxg4 52.hxg4 Be1 53.f4 Bf2 54.f5 gxf5+ 55.Kxf5 Kd7 56.Bc7  1-0

[Event "Cebu"]
[Site "Cebu"]
[Date "1992.??.??"]
[Round "5"]
[White "Rodriguez, Ruben"]
[Black "Barcenilla, Rogelio"]
[Result "0-1"]
[WhiteElo "2415"]
[BlackElo "2465"]

1.d4 Nf6 2.c4 g6 3.Nc3 Bg7 4.e4 d6 5.Be2 O-O 6.Nf3 e5 7.Bg5 h6 8.Bh4 exd4
9.Nxd4 Nc6 10.Nxc6 bxc6 11.O-O Rb8 12.Qc2 Re8 13.b3 g5 14.Bg3 Qe7 15.Rad1 Nxe4
16.Nxe4 Qxe4 17.Qxe4 Rxe4 18.Bf3 Re7 19.Bxc6 Bc3 20.f3 Bb7 21.Ba4 a6 22.Rf2 f5
23.Rc2 Bb4 24.Bf2 c6 25.Bd4 Rbe8 26.Kf2 f4 27.Kf1 Re1+ 28.Rxe1 Rxe1+ 29.Kf2 Rd1
30.Bb6 Kf7 31.Re2 Bc3 32.Rc2 Be5 33.b4 Rb1 34.Bb3 c5 35.b5 Bd4+ 36.Ke2 g4
37.Rd2 gxf3+ 38.gxf3 Ke7 39.Rd1 Rb2+ 40.Rd2 Rxd2+ 41.Kxd2 axb5 42.cxb5 Bxf3
43.a4 Be3+ 44.Kc3 Be2 45.Bc4 f3  0-1

[Event "Ceske Budejovice op"]
[Site "Ceske Budejovice"]
[Date "1992.??.??"]
[Round "9"]
[White "Szymczak, Zbigniew"]
[Black "Gazik, Igor"]
[Result "0-1"]
[WhiteElo "2325"]
[BlackElo "2425"]

1.d4 g6 2.c4 Bg7 3.e4 d6 4.Nc3 Nf6 5.Be2 O-O 6.Nf3 e5 7.d5 a5 8.Bg5 h6 9.Bh4 Na6
10.Nd2 Bd7 11.Rb1 Qe8 12.b3 Nh7 13.a3 h5 14.f3 Bh6 15.O-O Ng5 16.b4 axb4
17.axb4 Qe7 18.Bf2 Nh3+ 19.Kh1 Nxf2+ 20.Rxf2 Be3 21.Rf1 Qh4 22.f4 exf4 23.Nb5 Rae8
24.Bd3 Qf6 25.Qc2 g5 26.Nc3 g4 27.Ne2 Qh6 28.Rb2 h4 29.Ng1 Re5 30.c5 Bd4
31.Rbb1 dxc5 32.Bxa6 bxa6 33.bxc5 Bb5 34.Rfd1 Rh5 35.Nb3 Be5 36.Nd4 Bd7 37.Qe2 Qf6
38.Nc6 Rg5 39.Qxa6 f3 40.gxf3 g3 41.hxg3 hxg3 42.Kg2 Rh5 43.Kf1 Rh2 44.Rd3 Bc3
45.Ne7+ Kh7 46.Qxf6 Rf2+  0-1

[Event "JUG-chT"]
[Site "Cetinje"]
[Date "1992.??.??"]
[Round "?"]
[White "Miladinovic, Igor"]
[Black "Markovic, Miroslav"]
[Result "1/2-1/2"]
[WhiteElo "2415"]
[BlackElo "2500"]

1.d4 Nf6 2.c4 g6 3.Nc3 Bg7 4.e4 d6 5.Be2 O-O 6.Nf3 e5 7.d5 a5 8.O-O Na6 9.Qc2 Nh5
10.g3 f5 11.exf5 Bxf5 12.Qd1 Nf6 13.Be3 Qd7 14.Nh4 Bh3 15.Ng2 Rae8 16.c5 Nxc5
17.Bxc5 dxc5 18.Bb5 c6 19.dxc6 bxc6 20.Qxd7 Bxd7 21.Bc4+ Be6 22.Ne3 e4 23.Rae1 Rf7
24.Bxe6 Rxe6 25.Nc4 Rfe7 26.Na4 Nd7 27.Kg2 Bd4 28.Nxa5 Ne5 29.Rxe4 Nd3 30.Rxe6 Rxe6
31.Rd1 Ne1+ 32.Kf1 Nf3 33.Nb3 Re5  1/2-1/2

[Event "JUG-chT"]
[Site "Cetinje"]
[Date "1992.??.??"]
[Round "?"]
[White "Litinskaya, Marta I"]
[Black "Relic, Rajna"]
[Result "1-0"]
[WhiteElo "2330"]
[BlackElo "2015"]

1.d4 Nf6 2.c4 g6 3.Nc3 Bg7 4.e4 d6 5.Nf3 O-O 6.Be2 e5 7.d5 a5 8.Bg5 h6 9.Bh4 Na6
10.Nd2 Qe8 11.O-O Nh7 12.a3 Bd7 13.b3 f5 14.f3 f4 15.Rb1 g5 16.Bf2 Rf6 17.b4 axb4
18.axb4 Bf8 19.c5 dxc5 20.Bxa6 bxa6 21.bxc5 h5 22.Qb3 Kh8 23.Qb7 Qd8 24.Nc4 Be8
25.Nxe5 Bg7 26.Rfd1 Rh6 27.Nc6 Bxc6 28.dxc6 Qe8 29.Nd5 Qxc6 30.Ne7 Qxb7 31.Rxb7 Re8
32.Rd7 Be5  1-0

[Event "JUG-chT"]
[Site "Cetinje"]
[Date "1992.??.??"]
[Round "?"]
[White "Kostic, V Vladimir"]
[Black "Jacimovic, Dragoljub"]
[Result "1-0"]
[WhiteElo "2325"]
[BlackElo "2400"]

1.d4 Nf6 2.c4 g6 3.Nc3 Bg7 4.e4 d6 5.Be2 O-O 6.Nf3 e5 7.O-O exd4 8.Nxd4 Re8
9.f3 c6 10.Kh1 Na6 11.Bg5 Re5 12.Bh4 Nc5 13.b4 Ne6 14.f4 Nxf4 15.Rxf4 g5
16.Nf3 Nh5 17.Rxf7 Kxf7 18.Nxe5+ Bxe5 19.Bxh5+ Kg8 20.Be1 g4 21.Bxg4 Qf6
22.Qf3 Bxg4 23.Qxg4+ Kh8 24.Qf3 Qh6 25.Bg3  1-0

[Event "JUG-chT"]
[Site "Cetinje"]
[Date "1992.??.??"]
[Round "?"]
[White "Tosic, Miroslav"]
[Black "Mozetic, Dejan"]
[Result "1/2-1/2"]
[WhiteElo "2435"]
[BlackElo "2475"]

1.d4 Nf6 2.c4 g6 3.Nc3 Bg7 4.e4 d6 5.Nf3 O-O 6.Be2 e5 7.O-O exd4 8.Nxd4 Re8
9.f3 c6 10.Nc2 Na6 11.Be3 d5 12.cxd5 cxd5 13.Bb5 Bd7 14.Bxd7 Qxd7 15.exd5 Nc7
16.d6 Nb5 17.Qd3 Nxd6 18.Rfd1 Qf5 19.Qxf5 Nxf5 20.Bf2 a6 21.Rd3  1/2-1/2

[Event "JUG-chT"]
[Site "Cetinje"]
[Date "1992.??.??"]
[Round "?"]
[White "Milicevic, Miodrag"]
[Black "Bakic, Rados"]
[Result "1/2-1/2"]
[WhiteElo "2275"]
[BlackElo "2410"]

1.d4 Nf6 2.Nf3 g6 3.c4 Bg7 4.Nc3 O-O 5.e4 d6 6.Be2 e5 7.d5 Na6 8.Bg5 h6 9.Bh4 g5
10.Bg3 Nxe4 11.Nxe4 f5 12.Nfd2 fxe4 13.Nxe4 Bf5 14.f3 g4 15.Qd2 Qe8 16.Bf2 Qg6
17.Ng3 e4 18.fxe4 Bxe4 19.O-O Nc5 20.Bd4 Qg5 21.Be3 Qg6 22.Bd4 Qg5  1/2-1/2

[Event "JUG-chT"]
[Site "Cetinje"]
[Date "1992.??.??"]
[Round "?"]
[White "Maric, Alisa"]
[Black "Umanskaya, Irina"]
[Result "1/2-1/2"]
[WhiteElo "2390"]
[BlackElo "2340"]

1.d4 Nf6 2.c4 g6 3.Nc3 Bg7 4.e4 d6 5.Nf3 O-O 6.Be2 e5 7.Be3 Ng4 8.Bg5 f6
9.Bh4 g5 10.Bg3 Nh6 11.h3 Nc6 12.d5 Ne7 13.Nd2 Ng6 14.f3 Nf4  1/2-1/2

[Event "JUG-chT"]
[Site "Cetinje"]
[Date "1992.??.??"]
[Round "?"]
[White "Ostojic, Nikola"]
[Black "Markovic, Miroslav"]
[Result "1-0"]
[WhiteElo "2460"]
[BlackElo "2500"]

1.d4 Nf6 2.c4 g6 3.Nc3 Bg7 4.e4 d6 5.Be2 O-O 6.Nf3 e5 7.dxe5 dxe5 8.Qxd8 Rxd8
9.Bg5 Nbd7 10.O-O-O Rf8 11.Nd5 c6 12.Ne7+ Kh8 13.Be3 Re8 14.Nxc8 Raxc8 15.Nd2 Bf8
16.Nb3 b6 17.g4 Nb8 18.Bf3 c5 19.g5 Ng8 20.Bg4 Rc7 21.h4 h5 22.Bh3 Ne7 23.Nd2 Nbc6
24.Nb1 Nd4 25.Nc3 a6 26.Kb1 Bg7 27.f4 exf4 28.Bxf4 Rb7 29.Nd5 Nec6 30.e5 b5
31.cxb5 axb5 32.Nf6 Ra8 33.Bg2 Ra6 34.Be3 Ne6 35.Rd6 Rc7 36.Rhd1 Bf8 37.Bxc6 Raxc6
38.Rxc6 Rxc6 39.Rd7 Kg7 40.Ne8+ Kg8 41.Nf6+ Kg7 42.Rb7 b4 43.Ne8+ Kg8 44.Rb8 c4
45.Ra8 c3 46.b3 c2+ 47.Kc1 Kh7 48.Nf6+ Kg7 49.Rb8 Ra6 50.Kb2 Rc6 51.Kc1 Ra6
52.Bd2 Rxa2 53.Bxb4 Ra1+ 54.Kxc2 Rh1 55.Bxf8+ Nxf8 56.b4 Rxh4 57.b5 Rh2+
58.Kd3 Rb2 59.b6 h4 60.e6 fxe6 61.Rb7+ Kh8 62.Rf7 Rxb6 63.Rxf8+ Kg7 64.Rg8+ Kf7
65.Rh8 e5 66.Rxh4 Ke6 67.Rh1 Kf5 68.Rg1 Rb3+ 69.Kc4 Rh3 70.Ng8 Rh4+ 71.Kc5 Kf4
72.Nf6 Rh3 73.Kd5 e4 74.Ke6 e3 75.Nd5+ Ke4 76.Nxe3 Rxe3 77.Kf6 Re2 78.Kxg6 Ke5
79.Kg7 Ke6 80.g6 Ke7 81.Kg8 Re3 82.g7 Rh3 83.Re1+ Kd6 84.Re4 Rh1 85.Kf7 Rf1+
86.Kg6 Rg1+ 87.Kf6 Rf1+ 88.Kg5 Rg1+ 89.Rg4  1-0

[Event "Chalkidiki m"]
[Site "Chalkidiki"]
[Date "1992.??.??"]
[Round "6"]
[White "Papaioannou, Ioannis"]
[Black "Nogueiras, Jesus"]
[Result "0-1"]
[WhiteElo "2300"]
[BlackElo "2550"]

1.d4 d6 2.Nf3 g6 3.c4 Bg7 4.Nc3 Nf6 5.e4 O-O 6.Be2 e5 7.Be3 c6 8.d5 Ng4 9.Bg5 f6
10.Bd2 Na6 11.O-O c5 12.Ne1 Nh6 13.Nd3 f5 14.f3 Nc7 15.b4 b6 16.bxc5 bxc5
17.Rb1 Ne8 18.Qc1 Nf7 19.Bd1 Nf6 20.Ba4 Bd7 21.Qa3 Qa5 22.exf5 gxf5 23.Qc1 Bxa4
24.Qa3 e4 25.fxe4 Qa6 26.Qxa4 Qxa4 27.Nxa4 fxe4 28.Nf4 Ne5 29.Ne6 Nxc4 30.Bc3 Ne3
31.Rfe1 Nexd5 32.Nxf8 Rxf8 33.Ba1 Bh6 34.Rbd1 Be3+ 35.Kh1 Bf2 36.Re2 e3 37.Bxf6 Nxf6
38.Rxd6 Ne4 39.Re6 Rd8 40.g3 Rd1+ 41.Kg2 Rg1+  0-1

[Event "Chicago opI"]
[Site "Chicago"]
[Date "1992.??.??"]
[Round "3"]
[White "Gurevich, Dmitry"]
[Black "Sherzer, Alex"]
[Result "1/2-1/2"]
[WhiteElo "2515"]
[BlackElo "2460"]

1.d4 Nf6 2.c4 g6 3.Nc3 Bg7 4.e4 d6 5.Be2 O-O 6.Nf3 e5 7.dxe5 dxe5 8.Qxd8 Rxd8
9.Bg5 Nbd7 10.Nd5 c6 11.Nxf6+ Nxf6 12.Nd2 h6 13.Be3 Ng4 14.Bxg4 Bxg4 15.f3 Be6
16.Ke2 f5 17.Rhc1 Rd7 18.Rc2 Bf8 19.a3 f4 20.Bf2 g5 21.b4 a5 22.Rb1 axb4
23.axb4 Ra3 24.b5 c5 25.b6 Bd6 26.Rb5 Ra6 27.Nb3 Ra2 28.Rxa2 Bxc4+ 29.Ke1 Bxb5
30.Ra8+ Kg7 31.Nxc5 Rf7  1/2-1/2